Climate change: A clear and present danger (Record no. 55675)

MARC details
000 -LEADER
fixed length control field 00509nam a2200133Ia 4500
100 ## - MAIN ENTRY--AUTHOR NAME
Personal name Agrawal Rakesh
245 #0 - TITLE STATEMENT
Title Climate change: A clear and present danger
260 ## - PUBLICATION, DISTRIBUTION, ETC. (IMPRINT)
Name of publisher TerraGreen
Year of publication 2013
300 ## - PHYSICAL DESCRIPTION
Number of Pages 14
520 ## - SUMMARY, ETC.
Summary, etc Climate change isnt just a distant possibility, its happening here and now. And the hills of Uttarakhand are bearing the brunt - the recent floods are only an indication of the impending doom.
650 ## - SUBJECT ADDED ENTRY--TOPICAL TERM
Topical Term Climate change
942 ## - ADDED ENTRY ELEMENTS (KOHA)
Koha item type Journals
Holdings
Withdrawn status Lost status Damaged status Not for loan Home library Current library Shelving location Date acquired Serial Enumeration / chronology Koha item type
      Journals RRII Library RRII Library Climate change 13/08/2013 Volume 6, Issue 4 Journals